Quizzes
Events
Quiz Creation
Community
Videos
Private Events
Remove Ads
Sign In
Join for FREE
Feedback
Dark Mode
Quiz Categories
Sports
Geography
Music
Movies
Television
Just For Fun
Miscellaneous
History
Literature
Language
Science
Gaming
Entertainment
Religion
Holiday
For Kids
Quiz Lab
Recent
Popular Today
Quiz Kudos Today
Editor Picks
Curator Picks
Quizzes by...
Day
Popularity
Type
Ratings
Length
Year
Community
Subscriptions
Recent Discussions
Orange Saloon
Badges
Playlists
Quests
Create
Leaderboards
Showdown
Live 5
Trivia Bingo
Activity
Puzzle Library
Sporcle Events
Private Events
Virtual Trivia
Globe League
Become a Host
Pub Owners
SporcleCon
Opinionation
Our Games
Videos
Blog
Mobile Apps
Partnerships
Remove Ads and Go Orange
Feedback
Miscellaneous
Crossword
General Knowledge
Baby Names
Logo
Food
Cars
Numbers
Grab Bag
University
College
Popular
Company
Slogans
Restaurants
Justice
Letter
Miscellaneous
Crossword
General Knowledge
Baby Names
Logo
Food
Cars
Numbers
Grab Bag
University
College
Popular
Company
Slogans
Restaurants
Justice
Letter
Random Quiz
Search Sporcle
×
Quiz Lab
Quiz Lab
Miscellaneous
Celebrity
Type in answers that appear in a list
Type in answers that appear in a list
Classic
Best Score? Go Orange.
11 People from Delaware Stats
Can you name these celebrities and other notables from the state of Delaware?
By
T3canolis
4m
11 Questions
97 Plays
97 Plays
97 Plays
Comments
Comments
Give Quiz Kudos
Give Quiz Kudos
-
- Ratings
hide this ad
More Info
Replay
Link that replays current quiz
Next Quiz
Link to next quiz in quiz playlist
You Got
0%
They Got
Avg Score
45%
Avg Friend Score
Upgrade to see
Score Distribution
Jump to the score distribution portion of the page
Score
0/11
Timer
04:00
0
Plays Today
One-Line Bio
Person
% Correct
Inventor of famous anti-
choking maneuever
Henry Heimlich
75.3%
'Cruel Intentions,' 'Crash' actor; Ex of Reese
Ryan Phillippe
57.7%
April on 'Parks & Rec;' 'Legion,' et al.
Aubrey Plaza
51.5%
'Leaving Las Vegas,' 'Hollow Man' actress
Elisabeth Shue
51.5%
Blues rocker of 'Bad to the Bone' et al.
George Thorogood
47.4%
'Beverly Hills Cop,' 'Santa Clause' actor
Judge Reinhold
46.4%
Actress of 'Meet the Parents,' 'The Fosters'
Teri Polo
44.3%
'One Day at a Time,' 'Hot in Cleveland' star
Valerie Bertinelli
40.2%
4x-
All Star 1B for the Diamondbacks
Paul Goldschmidt
35.1%
WNBA MVP SG for the Mystics née Sky
Elena Delle Donne
29.9%
'10 Cloverfield Lane,' 'The Newsroom' actor
John Gallagher Jr.
18.6%
Quiz Playlist
Details
Report
Send in Message
Add To Playlist
More Info:
It's in alphabetical order by last name.
Classic:
Type in answers that appear in a list
Last Updated: Jun 25, 2017
Quiz Scoreboard
CHALLENGE
Sign Up to Join the Scoreboard
Show All
Scores
Hide
Comments
May contain spoilers
Recently Published
One Thing in Common: World Cities II
by knightlancer
Geography
7m
Popular People in 1961
by mucciniale
History
6m
1-10 Letter E Words III
by El_Dandy
Language
2m
More to Explore
Quiz From the Vault
Featured Blog Post
Where Did the Easter Bunny Come From?
hide this ad
You Might Also Like...
Tags
Celebrity Quiz
State Quiz
Delaware
Notable Figures
Today's Top Quizzes in Miscellaneous
Browse Miscellaneous
hide this ad
Today's Top Quizzes in Celebrity
Browse Celebrity
Top Contributed Quizzes in Miscellaneous
1
The JOE quick-fire general knowledge quiz: Day 173
2
The JOE quick-fire general knowledge quiz: Day 172
3
Sunday Crossword: Famous Bodies of Water
4
Named After an Animal - Odd One Out!
5
sort kpop groups by number of members
6
One Thing in Common: United Kingdom II
7
The JOE quick-fire general knowledge quiz: Day 171
8
Lays Potato Chip Flavour Contest Finalists
9
The JOE quick-fire quiz: Day 170
10
Sunday Crossword: Themeless #5
Explore More
Trending Topics
Disney
Marvel
Harry Potter
NBA
Crossword
Anime
Kpop
WWE
Puzzle
Country
The Office
NFL
Soccer
Pokémon
Song
hide this ad
More By:
T3canolis
Quiz
Plays
Rating
Category
Featured
Created
Academy Award Acting Nominees (2010s)
3,193
4.67
Movies
Jan 14, 2015
Parks and Recreation Minor Characters (slideshow)
2,190
4.68
Television
Jan 14, 2015
NBA Player by Mugshot
2,095
3.69
Sports
Jun 5, 2015
Parks and Recreation Cast Photo
1,988
4.71
Television
Jan 23, 2015
NFL Player by Mugshot
1,790
5.00
Sports
Jun 5, 2015
Go to Creator's Profile
Score Distribution
Quiz Creator Spotlight
T3canolis
Follow
Send a Message
Quizzes Created
-
Created Quiz Play Count
-
More By This Creator
Popular Quizzes Today
1
Find the US States - No Outlines Minefield
2
The Countries of the World
3
Find the Countries of Europe - No Outlines Minefield
4
Popular People in 1961
5
1-10 Letter E Words III
6
Find the US States
7
One Thing in Common: World Cities II
8
US States
More Miscellaneous Quizzes
Planet Game
Published
Trending Quizzes
Risky Map Clicking: Least Populous States A-Z
1-10 Letter F Words
1-10 Letter G Words
One Thing in Common: United Kingdom
Risky Map Clicking: Next State Alphabetically
Recently Updated
Leaping Animals
pecheneg
Reality TV Shows (A-Z)
bhenderson79
Rickey Henderson's Hall of Fame Teammates
pecheneg
Champions League XIs: Arsenal
pecheneg
Quick Pick: Celebrities in WWE's Hall of Fame
aduchscher
A-Z Keypad Blitz II
pecheneg
Multiple Oscar Actors
pecheneg
Mystery Phrase Blitz: Oscar 'Best Actors'
pecheneg
F. Scott Fitzgerald Novels
LTH
Pick 3 Villains
ddd62291
Trending Topics
Disney
Marvel
Kpop
Crossword
Harry Potter
Anime
NBA
Puzzle
The Office
Soccer
WWE
Country
NFL
Pokémon
Song
Your Account Isn't Verified!
In order to create a playlist on Sporcle, you need to verify the email address you used during registration. Go to your
Sporcle Settings
to finish the process.
Report this User
Report this user for behavior that violates our
Community Guidelines
.
Details:
Send Report
Go to the Sporcle.com Mobile Site →
Comments